00286nam a2200121Ia 4500008004100000041001200041082001100053100001600064245005700080260000600137650000600143700001500149221030s9999 xx 000 0 und d aEnglish a105.23 aV. P. Jaggi 0aEngineering Mathematicscby V. P. Jaggi , S. Mathure c0 aB aS. Mathure